North American Teams Named After Non-Bird or Mammal Animals - Statistics

General Stats
  • This quiz has been taken 49 times
  • The average score is 5 of 6
Answer Stats
League Team % Correct
NHL San Jose Sharks
80%
MLB Miami Marlins
78%
NBA Toronto Raptors
78%
MLB Arizona Diamondbacks
76%
MLB Tampa Bay Rays
71%
NBA Charlotte Hornets
68%
No matching quizzes found
Score Distribution
Percent of People with Each Score
Percentile by Number Answered
Your Score History
You have not taken this quiz